Revalorizando nuestra historia : bahía blanca 19 y 20 de mayo de 1859 /
Guardado en:
| Formato: | Libro |
|---|---|
| Publicado: |
Bahía Blanca :
Pami,
2015
|
| Materias: | |
| Etiquetas: |
Agregar Etiqueta
Sin Etiquetas, Sea el primero en etiquetar este registro!
|
| LEADER | 00661nam a22001815a 4500 | ||
|---|---|---|---|
| 001 | CEM.cems014681 | ||
| 005 | 20160307173841.0 | ||
| 008 | 130507s2015##################000#0#####d | ||
| 003 | CEMS | ||
| 082 | 0 | 4 | |a F982.1 |
| 245 | 0 | 0 | |a Revalorizando nuestra historia : |b bahía blanca 19 y 20 de mayo de 1859 / |c Abuelas Relatoras |
| 260 | |a Bahía Blanca : |b Pami, |c 2015 | ||
| 300 | |a 16 p. | ||
| 500 | |a Colaboración de Buelas Relatoras al Programa Jóvenes y Memoria de la Comisión Provincial por la Memoria. Escuelas Medias de la Uns | ||
| 653 | |a Histora | ||
| 653 | |a Historia de bahia blanca | ||
| 653 | |a Malon | ||
| 859 | |a CEMS |b BIB. CEMS - 11 de abril |h F982.1 |i 37 |p 2829.44 |t Ej.1 | ||
